MLB Best Records 1990-2013 - Statistics

General Stats
  • This quiz has been taken 454 times
  • The average score is 8 of 24
Answer Stats
Year Winning % Team With Best Record % Correct
1998 .704 Yankees
75%
2001 .716 Mariners
63%
2002 .640 Yankees
55%
1994 (114 Games) .649 Expos
53%
1992 .605 Braves
51%
1993 .642 Braves
51%
1999 .635 Braves
49%
1997 .623 Braves
46%
1990 .636 Athletics
43%
1995 (144 Games) .694 Indians
42%
2013 .599 Red Sox
41%
2009 .636 Yankees
41%
2004 .648 Cardinals
34%
1991 .605 Pirates
31%
1996 .615 Indians
30%
2005 .617 Cardinals
26%
2000 .599 Giants
17%
2011 .630 Phillies
17%
2010 .599 Phillies
14%
2012 .605 Nationals
12%
2008 .617 Angels
10%
2003 .623 Braves and Yankees
1%
2007 .593 Indians and Red Sox
1%
2006 .599 Mets and Yankees
1%
No matching quizzes found
Score Distribution
Percent of People with Each Score
Percentile by Number Answered
Your Score History
You have not taken this quiz